Pakistani Zabano ky Sufi Shuraa / (Record no. 526298)

000 -LEADER
fixed length control field 00683nam a22002057a 4500
003 - CONTROL NUMBER IDENTIFIER
control field NUST
020 ## - INTERNATIONAL STANDARD BOOK NUMBER
Qualifying information PBK
038 ## - RECORD CONTENT LICENSOR
Staff Name Faiza
082 ## - DEWEY DECIMAL CLASSIFICATION NUMBER
Classification number 891.43109
Author Mark JAV
100 ## - MAIN ENTRY--PERSONAL NAME
Personal name Javed, Inaam ul Haq
9 (RLIN) 14461
245 ## - TITLE STATEMENT
Title Pakistani Zabano ky Sufi Shuraa /
Statement of responsibility, etc. Inaam ul Haq Javed
260 ## - PUBLICATION, DISTRIBUTION, ETC.
Place of publication, distribution, etc. Islamabad :
Name of publisher, distributor, etc. Allama Iqbal Open University,
Date of publication, distribution, etc. 2008.
300 ## - PHYSICAL DESCRIPTION
Extent 329 p. ;
500 ## - GENERAL NOTE
General note Reference.
504 ## - BIBLIOGRAPHY, ETC. NOTE
Bibliography, etc. note Bibliography.
880 ## - ALTERNATE GRAPHIC REPRESENTATION
Linkage 100-01\r
Title انعام الحق جاوید
880 ## - ALTERNATE GRAPHIC REPRESENTATION
Linkage 245-02\r
Title پاکستانی زبانوں کے صوفی شعراء /
880 ## - ALTERNATE GRAPHIC REPRESENTATION
Linkage 260-03\r
Title اسلام آباد :
b علامہ اقبال اوپن یونیورسٹی,
c ۲۰۰۸.
942 ## - ADDED ENTRY ELEMENTS (KOHA)
Source of classification or shelving scheme
Koha item type Book
Holdings
Withdrawn status Lost status Source of classification or shelving scheme Damaged status Not for loan Permanent Location Current Location Date acquired Total Checkouts Full call number Barcode Date last seen Price effective from Koha item type
          Central Library (CL) Central Library (CL) 07/10/2019   891.43109 JAV CL-E-327 07/10/2019 07/10/2019 Book
© 2023 Central Library, National University of Sciences and Technology. All Rights Reserved.